00325nam a2200121 450000500170000010000190001724500390003626400410007530000170011633600220013333700240015533800240017920260530115309.01 aAndre Hatalá10aDesign et stategie de l'entreprise 1bCentre Geoges Pompidou / Parisc1979 a36 páginas atexto2rdacontent asin medio2rdamedia avolumen2rdacarrier